Motion detection using passive Wi-Fi (Record no. 13256)
[ view plain ]
| 000 -LEADER | |
|---|---|
| fixed length control field | 00480nam a22001577a 4500 |
| 082 ## - DEWEY DECIMAL CLASSIFICATION NUMBER | |
| Classification number | BE-EE-3 |
| 100 ## - MAIN ENTRY--PERSONAL NAME | |
| Personal name | Abdul Moeed Khalid |
| 9 (RLIN) | 93211 |
| 245 ## - TITLE STATEMENT | |
| Title | Motion detection using passive Wi-Fi |
| 260 ## - PUBLICATION, DISTRIBUTION, ETC. | |
| Place of publication, distribution, etc. | Islamabad |
| Name of publisher, distributor, etc. | NUST-SEECS |
| Date of publication, distribution, etc. | 2015 |
| 300 ## - PHYSICAL DESCRIPTION | |
| Extent | 48 |
| Accompanying material | CD Include |
| 500 ## - GENERAL NOTE | |
| General note | Supervisors: Dr. Syed Ali Hassan, Dr. Sajid Saleem |
| 700 ## - ADDED ENTRY--PERSONAL NAME | |
| Personal name | Hassan Abid |
| 9 (RLIN) | 17294 |
| 700 ## - ADDED ENTRY--PERSONAL NAME | |
| Personal name | Junaid Naeem |
| 9 (RLIN) | 93212 |
| 856 ## - ELECTRONIC LOCATION AND ACCESS | |
| Uniform Resource Identifier | <a href="http://10.250.8.41:8080/xmlui/handle/123456789/10823">http://10.250.8.41:8080/xmlui/handle/123456789/10823</a> |
| 942 ## - ADDED ENTRY ELEMENTS (KOHA) | |
| Koha item type | Project Report |
| Source of classification or shelving scheme | |
| Withdrawn status | Lost status | Source of classification or shelving scheme | Damaged status | Not for loan | Permanent Location | Current Location | Shelving location | Date acquired | Full call number | Barcode | Date last seen | Price effective from | Koha item type |
|---|---|---|---|---|---|---|---|---|---|---|---|---|---|
| WITHDRAWN | Central Library (CL) | Central Library (CL) | General Stacks | 07/07/2015 | BE-EE-3 ABD | SEECSP01660 | 07/05/2015 | 07/05/2015 | Project Report |
